ICT in Agriculture: Opinion of the farmers (Record no. 14222)
[ view plain ]
| 000 -LEADER | |
|---|---|
| fixed length control field | 00307nam a22001217a 4500 |
| 020 ## - INTERNATIONAL STANDARD BOOK NUMBER | |
| ISBN | 9788176222921 |
| 082 ## - DEWEY DECIMAL CLASSIFICATION NUMBER | |
| Classification number | 630.301 |
| Item number | NIK/IC |
| 100 ## - MAIN ENTRY--AUTHOR NAME | |
| Personal name | Nikulsinh Madhusinh Chauhan |
| 245 ## - TITLE STATEMENT | |
| Title | ICT in Agriculture: Opinion of the farmers |
| 260 ## - PUBLICATION, DISTRIBUTION, ETC. (IMPRINT) | |
| Place of publication | Delhi |
| Name of publisher | Biotech Books |
| Year of publication | 2013 |
| 300 ## - PHYSICAL DESCRIPTION | |
| Number of Pages | 224 |
| 942 ## - ADDED ENTRY ELEMENTS (KOHA) | |
| Koha item type | Books |
| Withdrawn status | Lost status | Damaged status | Collection code | Home library | Current library | Shelving location | Date acquired | Source of acquisition | Cost, normal purchase price | Full call number | Accession Number | Koha item type |
|---|---|---|---|---|---|---|---|---|---|---|---|---|
| KAUAET | KAUAET | General Stacks | 06/06/2016 | Southern Books Tvm | 900.00 | 630.301 NIK/IC | 24905 | Books |
